000 00292nam a2200121Ia 4500
008 220204s9999 xx 000 0 und d
082 _a628.517.2
_bCRO
100 _aCrocker, M J
245 0 _aNoise and noise control. V 1
260 _aOhio
_bCRC
_c1975
700 _aPrice, A J
942 _cBK
999 _c31429
_d31429